000 00855nas a2200289 4500
001 BR2014004905
003 BR-BrBNA
005 20231205124340.0
007 ta
008 230509b bl.|||p| |||| 00| 00por d
040 _aBR-BrBNA
_bpor
_cBiblioteca Nacional de Agricultura
041 _a(Pt)
072 _aF02
100 1 _aRodrigues, P.H.V.
100 1 _aBordignon, S.R.
100 1 _aAmbrosano, G.M.B.
245 1 _aDesempenho horticultural de plantas propagadas in vitro de Sacha inchi
650 _aEUPHORBIACEAE
650 _aDICOTILEDÔNEA
650 _aMUDA
650 _aCULTURA IN VITRO
650 _aPROPAGAÇÃO VEGETATIVA
650 _aCRESCIMENTO
773 0 _tCiência Rural (Brazil)
_xISSN 0103-8478
_g(Jun 2014), v. 44(6) p. 1050-1053
_wBR2014004905
909 _a202311
_bLúcia
_c55
_dLúcia Elande
942 _2AGRIS
_n0
_cANA
999 _c238608
_d238608